=LDR 00000nam 2200000 4500 =001 INLIS000000000019776 =005 20130612114814 =008 ***********************************ind** =035 ##$$0010-061300000019776 =041 ##$$a ind =082 ##$$a 410.076 =090 ##$$a 410.076, Rah b =100 ##$$a Raharjo, H Sri =245 ##$$a Bahasa Indonesia, H Sri Rahardjo =260 ##$$a 1991 $b Jakarta =300 ##$$a 402 hlm, 21 cm =650 ##$$a Bahasa Indonesia =850 ##$$a NBPNMAT